| 000 | 01032nam a2200241Ia 4500 | ||
|---|---|---|---|
| 003 | Ost | ||
| 005 | 20260507075416.0 | ||
| 008 | 260507s9999||||xx |||||||||||||| ||und|| | ||
| 020 | _a9789957327965 | ||
| 040 | _cfsecg | ||
| 041 | _aara | ||
| 082 | _a330 | ||
| 100 |
_aالنعيمي، أبوبكر أحمد عثمان _eمؤلف |
||
| 245 | 0 |
_aالأساليب الحديثة لمشاركة القطاع الخاص في تنفيذ مرافق البنية التحتية (عقود البوت BOT وعقود الشراكة PPP) : _bدراسة تحليلية مقارنة / _c أبوبكر أحمد عثمان النعيمي |
|
| 260 |
_aعمان: _bدار الحامد, _c2014 |
||
| 300 |
_a188 صفحة؛ _bإيضاحات ؛ _c24 سم |
||
| 504 | _aالمصادر ص.179 | ||
| 520 | _aعقود البوت BOT -عقود الشراكة بين القطاعين العام والخاص PPP | ||
| 653 | _aالعقود العامة | ||
| 653 | _aالقطاع الخاص | ||
| 653 | _aالقطاع العام | ||
| 942 | _cكتاب | ||
| 999 |
_c44445 _d44445 |
||